Online Catalogue and eLibrary

The tasks ahead-Lanka Sama samaja party the P.A government : (Record no. 2530)

MARC details
000 -LEADER
fixed length control field 00308nam a2200097Ia 4500
008 - FIXED-LENGTH DATA ELEMENTS--GENERAL INFORMATION
fixed length control field 240331s9999 xx 000 0 und d
082 ## - DDC Classification
Item Number - Author Mark TAS
100 ## - MAIN ENTRY--PERSONAL NAME
Personal name LSSP. ed
245 #4 - TITLE STATEMENT
Title The tasks ahead-Lanka Sama samaja party the P.A government :
Remainder of title documents statement and press releases of the LSSP 1994-1996
942 ## - Koha item type (Biblio)
Koha item type Books in Stacks (Lending)
Holdings
Lost status Damaged status Collection code Home library Current library Shelving location Date acquired Full call number Accession Number Item type
    Lending WERC Library WERC Library Social Science Cupboard 03/31/2024 324.2 TAS 2315 Books in Stacks (Lending)

© WERC Library